Normal view
MARC view
- Pernalete Anaya, Lady Diana
Entry Nombre Personal
001 - NUMERO DE CONTROL
- campo de control: 59704
003 - IDENTIFICADOR DE NUMERO DE CONTROL
- campo de control: UPN
005 - FECHA Y HORA DE LA ÜLTIMA TRANSACCIÓN
- campo de control: 20260526105840.0
008 - DATOS DE LONGITUD FIJA
- campo de control de longitud fija: 260526|| acn||aabn | a|a d
024 7# - OTROS IDENTIFICADORES NORMALIZADOS
- Fuente: orcid
- Número normalizado o código: https://orcid.org/0009-0008-0632-4192
040 ## - FUENTE DE CATALOGACIÓN
- Agencia original de catalogación: MX-MxUPN
100 1# - ENCABEZAMIENTO - NOMBRE PERSONAL
- Nombre personal: Pernalete Anaya, Lady Diana
370 ## - LUGAR ASOCIADO
- Associated country: Venezuela
371 ## - DIRECCIÓN
- Electronic mail address: lady.pernallete@ucla.edu.ve
372 ## - CAMPO DE ACTIVIDAD
- Field of activity: Lengua y literatura
- Field of activity: Investigación educativa
373 ## - GRUPO ASOCIADO
- Associated group: Universidad Centroccidental Lisandro Alvarado (UCLA). Venezuela
374 ## - OCUPACIÓN
- Occupation: Docencia e investigación universitaria
670 ## - FUENTE EN LA QUE SE LOCALIZARON DATOS
- Cita de la fuente: En recurso en línea: REDINE, Vol. 17, no. 1 (2025)
- Información localizada: (Lady Diana Pernalete Anaya)
- Uniform Resource Identifier: https://revistas.uclave.org/index.php/redine/article/view/5127/3662
902 ## - CATALOGADOR
- Catalogador: Leonor Sotres/250526
